Nové nástroje používané v plánovacom procese

Veľký tlak trhu na náklady a hľadanie nových prístupov k efektívnemu riadeniu nákladov. Prístupy umožňujúce dlhodobo usmerňovať výšku nákladov: Kalkulácia cieľových nákladov (Target costing), procesné plánovanie, plánovanie podľa čiastkových činností (Activity based budgeting), Beyond budgeting, Bet...

Description complète

Enregistré dans:
Détails bibliographiques
Auteur principal: Tóthová, Alena, 1968-
Format: Chapitre de livre
Langue:slovaque
Sujets:
Tags: Ajouter un tag
Pas de tags, Soyez le premier à ajouter un tag!

MARC

LEADER 00000nla$a2200000$$$4500
001 0068521
005 20240502071829.0
041 0 |a slo 
044 |a SK 
245 1 0 |a Nové nástroje používané v plánovacom procese  |c Alena Tóthová 
520 |a Veľký tlak trhu na náklady a hľadanie nových prístupov k efektívnemu riadeniu nákladov. Prístupy umožňujúce dlhodobo usmerňovať výšku nákladov: Kalkulácia cieľových nákladov (Target costing), procesné plánovanie, plánovanie podľa čiastkových činností (Activity based budgeting), Beyond budgeting, Better budgeting a Zero based budgeting. Charakteristika uvedených prístupov. 
610 2 0 |a plánovanie finančné 
610 2 0 |a rozpočty 
610 2 0 |a financie 
610 2 0 |a náklady 
610 2 0 |a kalkulácia nákladov 
610 2 0 |a rozpočtovanie 
610 2 0 |a podnik 
100 1 |a Tóthová, Alena, 1968-